| 000 | 00856nam a2200217 4500 | ||
|---|---|---|---|
| 001 | 140617 | ||
| 003 | ES-MaACL | ||
| 005 | 20250824053811.0 | ||
| 007 | t| | ||
| 008 | 070214s1973 sp r ||||1| spa d | ||
| 245 | 0 | 0 | _aSeis conferencias en torno al Día Mundial del Teatro. |
| 260 |
_aMadrid : _b[Ministerio de Información y Turismo], _c1973. |
||
| 300 |
_a96 p. : _bil. ; _c25 cm. |
||
| 490 | 1 | _aCol. Monográfica del Centro Español del Instituto Internacional de Teatro | |
| 710 | 2 |
_aInstituto Internacional del Teatro. _bCentro Español. _92733 |
|
| 710 | 1 |
_aEspaña. _bMinisterio de Información y Turismo _93886 |
|
| 830 | 0 | 0 |
_aColección monográfica del Centro Español del Instituto Internacional de Teatro _9220344 |
| 852 |
_aES-MaACL _jE-6009 _bR.90638 |
||
| 852 |
_aES-MaACL _jE-5830 _bR.90637 |
||
| 999 |
_c140617 _d140617 |
||